El pájaro de lindos colores / (Registro nro. 7894)

Detalles MARC
000 -LIDER
fixed length control field 00852nam a22002537a 4500
001 - NÚMERO DE CONTROL
Identificador de número de control 002
003 - IDENTIFICACDOR DE NÚMERO DE CONTROL
control field DO-SdBNP
005 - DATE AND TIME OF LATEST TRANSACTION
control field 20180327114209.0
008 - ELEMENTOS DE LONGITUD FIJA
fixed length control field 150528b xxu||||| |||| 00| 0 spa d
020 ## - ISBN
International Standard Book Number 9789945460513
040 ## - FUENTE DE CATALOGACIÓN
Agencia que crea de manera original el registro BPMET
Idioma de catalogación spa
Agencia que realiza la transcripción BPMET
100 ## - ASIENTO PRINCIPAL -- NOMBRE PERSONAL
Término de relación Collins de Colado, Mary
245 ## - MENCIÓN DE TITULO
Título El pájaro de lindos colores /
Mención de responsabilidad Mary Collins de Colado ; ilustraciones Ramiro Manzano y Virginia Read Escobal.
260 ## - PUBLICACIÓN, DISTRIBUCIÓN, ETC. (PIE DE IMPRENTA)
Lugar de publicación, distribución, etc Santo Domingo :
Nombre del editor, distribuidor, etc. Santuario,
Fecha de publicación, distribución, etc 2010
300 ## - DESCRIPCIÓN FÍSICA
Extensión 65 p. ;
Otros detalles físicos il.:
Dimensiones 23 cm.
490 ## - MENCIÓN DE SERIES
Mención de serie Santuario infantil
500 ## - NOTA GENERAL
Nota general Incluye datos biográficos del autor en la solapa de la cubierta
700 ## - ASIENTO SECUNDARIO -- NOMBRE PERSONAL
Nombre personal Manzano, Ramiro,
Mención de responsabilidad il.
700 ## - ASIENTO SECUNDARIO -- NOMBRE PERSONAL
Nombre personal Read Escobal, Virginia,
Mención de responsabilidad il.
830 ## - ASIENTO SECUNDARIO DE SERIE--TÍTULO UNIFORME
Nombre de la parte o sección de una obra Santuario infantil
942 ## - ADDED ENTRY ELEMENTS (KOHA)
Source of classification or shelving scheme Dewey Decimal Classification
Koha item type Libros
945 ## - INFORMACIÓN DE PROCESAMIENTO LOCAL
Información de procesamiento local Remanejado para BNPHU / 2018 VM
956 ## - LOCAL ELECTRONIC LOCATION AND ACCESS (OCLC)
Nombre de host VMATEO
Número de acceso 10
Información de compresión 20150528
Procesador de solicitud 7894
Inicio de sesión BPMSU
Existencias
Withdrawn status Lost status Source of classification or shelving scheme Damaged status Not for loan Home library Current library Date acquired Total Checkouts Barcode Date last seen Copy number Price effective from Koha item type Collection code
    Dewey Decimal Classification     Biblioteca Pública Metropolitana Salomé Ureña Biblioteca Pública Metropolitana Salomé Ureña 05/28/2015   BPMET15051772 05/28/2015 e. 2 05/28/2015 Libros  
    Dewey Decimal Classification     Biblioteca Pública Metropolitana Salomé Ureña Biblioteca Pública Metropolitana Salomé Ureña 05/28/2015   BPMET15051773 05/28/2015 05/28/2015 Libros Colección Infantil Dominicana